Best value "one-stop shop" website launched. (Record no. 61750)

MARC details
000 -LEADER
fixed length control field 00671cam a2200169 4500
001 - CONTROL NUMBER
control field WB3537-26
008 - FIXED-LENGTH DATA ELEMENTS--GENERAL INFORMATION
fixed length control field 000000n1999 000 0 eng u
035 ## - SYSTEM CONTROL NUMBER
System control number (Sirsi) u102773
245 ## - TITLE STATEMENT
Title Best value "one-stop shop" website launched.
260 ## - PUBLICATION, DISTRIBUTION, ETC.
Date of publication, distribution, etc. 1999
490 ## - SERIES STATEMENT
Series statement DETR News Release
Volume/sequential designation (898) 13 September 1999 (1)
520 ## - SUMMARY, ETC.
Summary, etc. The DETR has launched its Best Value website, which claims to be a 'one-stop shop' for all the current material on best value. The website is available on http://www.local-regions.detr.gov.uk/bestvalue/
650 ## - SUBJECT ADDED ENTRY--TOPICAL TERM
Topical term or geographic name entry element Procurement-old
650 ## - SUBJECT ADDED ENTRY--TOPICAL TERM
Topical term or geographic name entry element INTERNET
690 ## - LOCAL SUBJECT ADDED ENTRY--TOPICAL TERM (OCLC, RLIN)
Topical term or geographic name as entry element MANAGEMENT-BUSINESS MANAGEMENT-INFORMATION MANAGEMENT
942 ## - ADDED ENTRY ELEMENTS (KOHA)
Suppress in OPAC 0
Holdings
Withdrawn status Lost status Source of classification or shelving scheme Damaged status Not for loan Home library Current library Shelving location Date acquired Total Checkouts Full call number Barcode Date last seen Copy number Price effective from Koha item type
    Dewey Decimal Classification     London London News article 24/11/1999   WB3537-26 102773-1001 06/08/2019 1 06/08/2019 News article